Chansons les plus streamées : Salvatore Adamo - Statistiques

Statistiques générales
  • Ce quiz a été pris 31 fois
  • Le résultat moyen est 4 sur 10
Statistiques - réponses
Nb de streams Chanson % Correct
13 000 000 Tombe la neige
91%
10 500 000 Vous permettez Monsieur
77%
7 000 000 Inch Allah
59%
6 000 000 Mes mains sur tes hanches
59%
11 500 000 C'est ma vie
45%
3 500 000 La nuit
27%
3 000 000 Quand les roses
5%
1 700 000 Une mèche de cheveux
5%
1 600 000 Dolce Paola
0%
3 500 000 F... comme femme
0%
Aucun quiz correspondant
Distribution des résultats
% des personnes avec chaque résultat
Percentile par nombre de réponses
Votre historique - résultats
Vous n’avez pas pris ce quiz